书目信息 |
| 题名: |
图书馆业务自学大全
|
|
| 作者: | 韩玉光 , 陈儿仁 , 吴慰慈 编著 | |
| 分册: | 4 | |
| 出版信息: | 吉林省图书馆学会 1981 |
|
| 页数: | 115页 | |
| 开本: | 20cm | |
| 丛书名: | ||
| 单 册: | ||
| 中图分类: | G251.1 | |
| 科图分类: | ||
| 主题词: | 图书馆事业 , 图书馆学 | |
| 电子资源: | ||
| ISBN: | ||
| 000 | 00720nam0 2200217 450 | |
| 001 | 0659581031 | |
| 005 | 20060802164855.56 | |
| 100 | @a20060802d1981 km y0chiy0120 ea | |
| 101 | 0 | @achi |
| 200 | 1 | @a图书馆业务自学大全@h4@e图书馆藏书建设@Atu shu guan ye wu zi xue da quan@f吴慰慈,韩玉光,陈儿仁等编著@Fwu wei ci,han yu guang,chen er ren deng bian zhu |
| 210 | @c吉林省图书馆学会@d1981 | |
| 215 | @a115页@d20cm | |
| 517 | 1 | @a图书馆藏书建设@Atu shu guan cang shu jian she |
| 606 | 0 | @a图书馆事业 |
| 606 | 0 | @a图书馆学 |
| 690 | @aG251.1@v3 | |
| 701 | 0 | @a韩玉光@Ahan yu guang@4编著 |
| 701 | 0 | @a陈儿仁@Achen er ren@4编著 |
| 701 | 0 | @a吴慰慈@Awu wei ci@4编著 |
| 801 | 0 | @aCN@bPFT@c20060802 |
| 905 | @a10447@dG251.1@e11:4 | |
| 图书馆业务自学大全.4:图书馆藏书建设/吴慰慈,韩玉光,陈儿仁等编著.-吉林省图书馆学会,1981 |
| 115页;20cm |
| ISBN : |
| ● |
| 相关链接 |
|
|
|
|
正题名:图书馆业务自学大全
索取号:G251.1/11:4
 
预约/预借
| 序号 | 登录号 | 条形码 | 馆藏地/架位号 | 状态 | 备注 |
| 1 | 0441981 | 204419815 | 密集书库/ [索取号:G251.1/11:4] | 在馆 | |
| 2 | 0441982 | 204419824 | 密集书库/ [索取号:G251.1/11:4] | 在馆 |